PRINCE2tm pocketbook
Salvato in:
| Natura: | Libro |
|---|---|
| Lingua: | inglese |
| Pubblicazione: |
London
TSO
2009
|
| Soggetti: | |
| Tags: |
Nessun Tag, puoi essere il primo ad aggiungerne!!
|
MARC
| LEADER | 00000nam a2200000 4500 | ||
|---|---|---|---|
| 001 | 0150084 | ||
| 005 | 20240315121801.9 | ||
| 020 | |a 978-0-11-331199-6 | ||
| 041 | 0 | |a eng | |
| 044 | |a GB | ||
| 245 | 1 | 0 | |a PRINCE2tm pocketbook |
| 264 | 1 | |a London |b TSO |c 2009 | |
| 300 | |a 81 s. | ||
| 610 | 2 | 0 | |a projekty |
| 610 | 2 | 0 | |a firmy |
| 610 | 2 | 0 | |a riadenie projektové |
| 610 | 2 | 0 | |a metodika |
| 610 | 2 | 0 | |a manažéri |
| 610 | 2 | 0 | |a poradenstvo |